000 00660nam a2200229Ia 4500
003 OSt
005 20220928113101.0
006 a|||||r|||| 00| 0
007 ta
008 220927b |||||||| |||| 00| 0 eng d
024 _a68414
037 _cTextual
040 _aSDCL
_cSDCL
_beng
041 _2eng
_aeng
082 _aR3xC57, P5
100 _aGersh Stephen
_9431521
245 0 _aReading Plato tracing Plato
_b From ancient commentary to medieval perception.
260 _aHampshire
_bAshgate Publishing
_c2005
300 _avarious pagination
_ccm.
942 _hR3xC57, P5
_cTEXL
_2CC
999 _c747999
_d747999